[Event "Luxembourg-chT 1415"]
[Site "Luxembourg"]
[Date "2015.03.15"]
[Round "9"]
[White "Ghavami, Seyed Reza"]
[Black "Dinev, Dimiter"]
[Result "1-0"]
[WhiteElo "1914"]
[BlackElo "1903"]
[PlyCount "107"]
[EventDate "2014.10.05"]
[EventType "team-tourn"]
[EventRounds "10"]
[EventCountry "LUX"]
[SourceTitle "EXT 2017"]
[Source "ChessBase"]
[SourceDate "2016.10.25"]
[SourceVersion "1"]
[SourceVersionDate "2016.10.25"]
[SourceQuality "1"]

1. e4 g6 2. d4 Bg7 3. Nc3 c6 4. Bf4 d5 5. e5 h5 6. Qd2 Bf5 7. Bd3 Bxd3 8. Qxd3 e6 9. Nf3 Nd7 10. Bg5 Qc7 11. 0-0-0 a6 12. Kb1 c5 13. Nh4 cxd4 14. Nxg6 dxc3 15. Nxh8 Qxe5 16. Qh7 Kf8 17. f4 Ngf6 18. Qxg7+ Kxg7 19. fxe5 Ne4 20. Bf6+ Ndxf6 21. exf6+ Kxh8 22. Rd4 cxb2 23. Kxb2 Nxf6 24. Rh4 Kg7 25. Rf1 e5 26. Rh3 Nh7 27. Rxh5 Re8 28. Rhf5 f6 29. Kc1 Rc8 30. R1f3 Kg6 31. g4 Rc6 32. Rb3 b6 33. h4 d4 34. Kd2 Nf8 35. Rbf3 Nh7 36. Ra3 b5 37. c3 Rd6 38. Rf1 d3 39. Ke3 Nf8 40. Rd1 Ne6 41. Rxd3 Rc6 42. Rd7 f5 43. gxf5+ Kxf5 44. Ra7 Nc5 45. Rg7 Rh6 46. Rf7+ Ke6 47. Rc7 Kd6 48. Rc8 Rxh4 49. Rd8+ Kc6 50. Rc8+ Kd5 51. Ra5 Rh3+ 52. Kd2 e4 53. Rd8+ Kc4 54. Rd4# 1-0

[Event "Luxembourg-chT 1415"]
[Site "Luxembourg"]
[Date "2015.02.01"]
[Round "7"]
[White "Biryukov, Alice"]
[Black "Dinev, Dimiter"]
[Result "0-1"]
[WhiteElo "1867"]
[BlackElo "1903"]
[PlyCount "65"]
[EventDate "2014.10.05"]
[EventType "team-tourn"]
[EventRounds "10"]
[EventCountry "LUX"]
[SourceTitle "EXT 2017"]
[Source "ChessBase"]
[SourceDate "2016.10.25"]
[SourceVersion "1"]
[SourceVersionDate "2016.10.25"]
[SourceQuality "1"]

1. e4 g6 2. d4 d5 3. exd5 Qxd5 4. Nc3 Qd8 5. Nf3 Bg7 6. Bf4 Nf6 7. h3 0-0 8. Bc4 c6 9. 0-0 b5 10. Bb3 a5 11. a3 Bb7 12. Re1 e6 13. Ne2 Na6 14. c3 c5 15. Ng3 Bxf3 16. Qxf3 cxd4 17. Rad1 Nd7 18. cxd4 Rc8 19. Qb7 Nc7 20. Bxc7 Qxc7 21. Qxb5 Rb8 22. Qd3 Qb6 23. Ba4 Rfd8 24. b3 Ne5 25. Qe4 Nd7 26. Qe3 Nf6 27. Rd3 Nd5 28. Qd2 Bf8 29. h4 Bxa3 30. Qg5 Be7 31. Qe5 Qa6 32. Qe4 Rbc8 33. Qf3 0-1

[Event "Charleroi op"]
[Site "Charleroi"]
[Date "2013.08.01"]
[Round "7"]
[White "Vandevoort, Pascal"]
[Black "Dinev, Dimiter"]
[Result "1-0"]
[WhiteElo "2384"]
[BlackElo "1915"]
[PlyCount "83"]
[EventDate "2013.07.27"]
[EventType "swiss"]
[EventRounds "9"]
[EventCountry "BEL"]
[SourceTitle "CBM 155 Extra"]
[Source "ChessBase"]
[SourceDate "2013.08.26"]
[SourceVersion "1"]
[SourceVersionDate "2013.08.26"]
[SourceQuality "1"]

1. d4 Nf6 2. c4 e6 3. Nc3 Bb4 4. e3 0-0 5. Nge2 b6 6. a3 Be7 7. d5 e5 8. g3 d6 9. Bg2 Bg4 10. h3 Bd7 11. 0-0 a5 12. b3 Ne8 13. e4 g6 14. Bh6 Ng7 15. Qd2 f5 16. Rab1 Rf7 17. Nc1 Nh5 18. exf5 gxf5 19. Qe2 Ng7 20. Bd2 Bf6 21. Nd3 Be8 22. f4 e4 23. Nf2 Re7 24. Ncd1 Nd7 25. Be3 Bg6 26. g4 Bh4 27. Nc3 Bxf2+ 28. Rxf2 Ne8 29. Nb5 Nc5 30. Nd4 Qd7 31. Bf1 Ng7 32. Rg2 Kf8 33. Qd1 Rae8 34. Be2 Rf7 35. g5 Rc8 36. h4 Re7 37. h5 Bf7 38. h6 Ne8 39. Nxf5 Bg6 40. Nxe7 Qxe7 41. Bg4 Rd8 42. Qd4 1-0

[Event "Charleroi op 3rd"]
[Site "Charleroi"]
[Date "2004.08.07"]
[Round "9"]
[White "Dinev, Dimiter"]
[Black "Andre, Damien"]
[Result "0-1"]
[WhiteElo "1891"]
[BlackElo "2114"]
[PlyCount "66"]
[EventDate "2004.07.03"]
[EventType "swiss"]
[EventRounds "9"]
[EventCountry "BEL"]
[SourceTitle "CBM 101 Extra"]
[Source "ChessBase"]
[SourceDate "2004.09.01"]
[SourceVersion "2"]
[SourceVersionDate "2004.09.01"]
[SourceQuality "1"]

1. e4 c5 2. Nf3 e6 3. d3 Nc6 4. Nbd2 d5 5. g3 Nf6 6. Bg2 dxe4 7. dxe4 e5 8. 0-0 Be7 9. c3 0-0 10. Qc2 Bg4 11. h3 Bh5 12. Rd1 Qc7 13. Nf1 Rad8 14. Ne3 Rxd1+ 15. Nxd1 Qd7 16. Kh2 Nxe4 17. Ne3 Nd6 18. Nd5 Bg6 19. Nxe7+ Qxe7 20. Qe2 Rd8 21. Be3 Nf5 22. Bd2 e4 23. Ng1 e3 24. Be1 exf2 25. Bxf2 Qd6 26. Re1 h5 27. Qf3 h4 28. Ne2 hxg3+ 29. Nxg3 Nh4 30. Qg4 Nxg2 31. Kxg2 Ne5 32. Qe2 Qd5+ 33. Kf1 Bd3 0-1

[Event "BEL-ch op"]
[Site "Geel"]
[Date "1999.08.??"]
[Round "7.6"]
[White "Van den Abbeele, Mike"]
[Black "Dinev, Dimiter"]
[Result "1-0"]
[WhiteElo "2109"]
[BlackElo "1962"]
[PlyCount "95"]
[EventDate "1999.08.21"]
[EventType "swiss"]
[EventRounds "9"]
[EventCountry "BEL"]
[SourceTitle "EXT 2021"]
[Source "ChessBase"]
[SourceDate "2020.10.23"]
[SourceVersion "1"]
[SourceVersionDate "2020.10.23"]
[SourceQuality "1"]

1. e4 d6 2. d4 Nf6 3. Nc3 c6 4. Bg5 Qa5 5. Qd2 Nbd7 6. f3 a6 7. Nge2 b5 8. Nd1 Qc7 9. Ne3 g6 10. a4 Bb7 11. Nc1 Bg7 12. Nb3 h6 13. Bh4 0-0 14. Na5 Rfc8 15. Be2 c5 16. d5 c4 17. Nxb7 Qxb7 18. Qb4 Nc5 19. 0-0 Qd7 20. axb5 axb5 21. Rxa8 Rxa8 22. b3 Na6 23. Qa5 Nc7 24. Qb6 cxb3 25. cxb3 Ra2 26. Bd3 Nfe8 27. Bf2 Rd2 28. Rd1 Rb2 29. Bc2 Ra2 30. Rc1 Be5 31. Bd1 Ra6 32. Qb7 h5 33. Nc2 Bb2 34. Rb1 Bc3 35. Nd4 Ra2 36. Nc6 Kg7 37. Rc1 Ra1 38. Rxa1 Bxa1 39. Be2 e5 40. Bxb5 f5 41. Nd4 Qf7 42. Bxe8 Nxe8 43. Ne6+ Kg8 44. Qa8 Bc3 45. Qb8 Bd2 46. b4 Kh7 47. b5 Qd7 48. Nf8+ 1-0